| 000 | 00353nam a22001457a 4500 | ||
|---|---|---|---|
| 003 | OSt | ||
| 005 | 20231025092424.0 | ||
| 008 | 231025b |||||||| |||| 00| 0 eng d | ||
| 040 | _cIIMT UNIVERSITY | ||
| 100 | _aPODDAR, HANUMANPRASAD | ||
| 245 | _aSRIHARI; ADHARSH DHARM | ||
| 260 |
_aGORAKHPUR _bGEETA PRESS _cS.2039 |
||
| 300 | _a136 | ||
| 942 |
_2ddc _c09 |
||
| 999 |
_c57520 _d57520 |
||